| 000 | 01272nam0a22003371 4500 | ||
|---|---|---|---|
| 001 | RU\INFOCOMM_322\NLR\5000085138 | ||
| 005 | 20250806202916.0 | ||
| 035 | _a(NLR Aleph) 009506709 | ||
| 090 |
_a47619 _c47619 |
||
| 100 | _a20121204d1944 u y0rusy50 ca | ||
| 101 | 0 | _acze | |
| 102 | _aRU | ||
| 105 | _ay z ||||| | ||
| 200 | 1 |
_aSlované a válka _fMichal Kalinin, předseda presidia Nejvyššího sovětu SSSR |
|
| 205 | _a2. vydani | ||
| 210 |
_aMoskva _cVydavatelstvi cizojazycné literatury _d1944 |
||
| 215 |
_a14, [2] с. _cпортр. _d14 см |
||
| 300 | _aБез тит. л. Описано по обл. | ||
| 300 | _aНа 4-й с. обл.: М. Калинин. Славяне и война | ||
| 300 | _aНа чеш. яз. | ||
| 606 | 0 |
_aСлавянские народы _xБорьба против фашизма _2nlr_sh1 _3RU\NLR\AUTH\6658122 |
|
| 620 | _aМосква | ||
| 700 | 1 |
_aKalinin _bM. I. _cгос. и парт. деятель _f1875-1946 _gMichail Ivanovič _3RU\NLR\AUTH\770278270 _4070 |
|
| 801 | 1 |
_aRU _bNLR _c20121204 |
|
| 801 | 0 |
_aRU _bINFOCOMM _gPSBO |
|
| 852 |
_aNLR _jИ11 Г-2/4 _y2 экз. |
||
| 942 | _cBOOK | ||
| 945 | _aРоссийская национальная библиотека | ||
| 980 | _aNB | ||
| 980 | _aBV | ||